Statistiques concernant Les Personnes avec Nancy Pelosi Quiz

Cliquez ici pour prendre le quiz!

Statistiques générales

  • Ce quiz a été pris 9 fois
  • Le résultat moyen est 5 sur 15

Statistiques - réponses

Réponse% Correct
Donald Trump
100%
Joe Biden
100%
Michelle Obama
78%
Nicolas Sarkozy
78%
George Bush
56%
Narendra Modi
33%
Elizabeth Warren
11%
Manmohan Singh
11%
Alma Adams
0%
Barbara Lee
0%
Don Young
0%
John Murtha
0%
Mitch McConnell
0%
Stacey Abrams
0%
Terri Sewell
0%

Distribution des résultats

Percentile par nombre de réponses

% des personnes avec chaque résultat

Votre développement - résultats

Vous n’avez pas pris ce quiz